000 00312nam a22001337a 4500
008 170824b xxu||||| |||| 00| 0 eng d
020 _a9780073305493
041 _aeng
080 _27TH
_a51
100 _a38
101 _aMAT
245 _aBASIC MATHEMATICAL SKILLS WITH GEOMETRY
_cBARATTO,S
942 _2udc
_cBK
999 _c24871
_d24871